व्यंग्य और भारतेंदु युगीन गघ / (Record no. 113757)

MARC details
000 -LEADER
fixed length control field 01087nam a22002537a 4500
005 - DATE AND TIME OF LATEST TRANSACTION
control field 20170124102958.0
010 ## - LIBRARY OF CONGRESS CONTROL NUMBER
LC control number A-304407
020 ## - INTERNATIONAL STANDARD BOOK NUMBER
Terms of availability 80.00
035 ## - SYSTEM CONTROL NUMBER
System control number A-304407
037 ## - SOURCE OF ACQUISITION
Source of stock number/acquisition Cen Lib/Ret
040 ## - CATALOGING SOURCE
Original cataloging agency DPL
Language of cataloging HN
082 ## - DEWEY DECIMAL CLASSIFICATION NUMBER
Classification number 827.08
Item number उपाध्या
100 ## - MAIN ENTRY--PERSONAL NAME
Personal name उपाध्याय, मांगीलाल
9 (RLIN) 9685
245 ## - TITLE STATEMENT
Title व्यंग्य और भारतेंदु युगीन गघ /
Statement of responsibility, etc मांगीलाल उपाध्याय
246 ## - VARYING FORM OF TITLE
Title proper/short title Vyangya aur bhartendu yugin gagh /
Remainder of title by Mangilaa Upadhyay
260 ## - PUBLICATION, DISTRIBUTION, ETC. (IMPRINT)
Place of publication, distribution, etc मथुरा
Name of publisher, distributor, etc जवाहर पुस्तकालय
270 ## - ADDRESS
Address सदर बाज़ार
City मथुरा
Postal code 281002
300 ## - PHYSICAL DESCRIPTION
Extent 220पृ.
Dimensions 21सेमी (सजिल्द)
650 ## - SUBJECT ADDED ENTRY--TOPICAL TERM
Topical term or geographic name as entry element हिन्दी साहित्य
9 (RLIN) 53722
650 ## - SUBJECT ADDED ENTRY--TOPICAL TERM
Topical term or geographic name as entry element हिन्दी साहित्य -- व्यंग्य
9 (RLIN) 46379
650 ## - SUBJECT ADDED ENTRY--TOPICAL TERM
Topical term or geographic name as entry element Hindi literature
9 (RLIN) 53723
650 ## - SUBJECT ADDED ENTRY--TOPICAL TERM
Topical term or geographic name as entry element Hindi literature -- Satire
9 (RLIN) 53724
942 ## - ADDED ENTRY ELEMENTS (KOHA)
Source of classification or shelving scheme Dewey Decimal Classification
Koha item type Hindi Books
Classification part 827.08
Call number suffix उपाध्या
Holdings
Withdrawn status Lost status Damaged status Not for loan Home library Current library Date acquired Source of acquisition Cost, normal purchase price Total Checkouts Full call number Barcode Date last seen Copy number Cost, replacement price Price effective from Koha item type
        Central Library Central Library 13/08/2015 Cen Lib/Ret 80.00   827.08 उपाध्या A-304407 13/08/2015 1 80.00 13/08/2015 Hindi Books

© Delhi Public Library
Hit Counter
free hit counter